000 00844nas a2200289 4500
001 BR7900041
003 BR-BrBNA
005 20231205083603.0
007 ta
008 230509b bl.|||p| |||| 00| 00por d
040 _aBR-BrBNA
_bpor
_cBiblioteca Nacional de Agricultura
041 _a(Pt)
072 _aF25
100 1 _aEspindola, C.R.
100 1 _aGalhego, H.E.
100 1 _aSerra, G.E.
100 1 _aPaccola, A.A.
245 1 _aA fracao argila de solos de regioes canavieiras do Estado de Sao Paulo [Saccharum spp, Brasil]
650 _aFERTILIDADE DO SOLO
650 _aCANA DE ACUCAR
650 _aSOLO
650 _aARGILA
650 _aSAO PAULO
773 0 _tBrasil Acucareiro (Brazil)
_xISSN 0006-9167
_g(Mar 1978), v. 91(3) p. 33-38
_wBR7900041
909 _a202311
_bLúcia
_c55
_dLúcia Elande
942 _2AGRIS
_n0
_cANA
999 _c99874
_d99874